[Event "European Online Club-ch-A 2021"]
[Site "Online"]
[Date "2021.03.27"]
[Round "9.4"]
[White "Weissenhofer, Jonas"]
[Black "Noetzel, Felix"]
[Result "0-1"]
[WhiteElo "1719"]
[BlackElo "2263"]
[Annotator "NA"]
[PlyCount "89"]
[EventDate "2021.03.27"]
[EventType "team-tourn"]
[EventCountry "NET"]
[SourceTitle "playchess.com"]
[Source "ChessBase"]
[SourceQuality "1"]
[TimeControl "900+5"]

1. e4 {[%emt 0:00:00]} c5 {[%emt 0:00:06]} 2. d4 {[%emt 0:00:02]} cxd4 {[%emt 0:00:02]} 3. c3 {[%emt 0:00:01]} dxc3 {[%emt 0:00:02]} 4. Nxc3 {[%emt 0:00:01]} Nc6 {[%emt 0:00:03]} 5. Nf3 {[%emt 0:00:01]} e6 {[%emt 0:00:02]} 6. Bc4 {[%emt 0:00:06]} Qc7 {[%emt 0:00:03]} 7. Qe2 {[%emt 0:00:12]} Nf6 {[%emt 0:00:03]} 8. O-O {[%emt 0:00:12]} Ng4 {[%emt 0:00:05]} 9. Rd1 {[%emt 0:00:36]} Bc5 {[%emt 0:00:08]} 10. Be3 {[%emt 0:01:07]} Nxe3 {[%emt 0:00:41]} 11. fxe3 {[%emt 0:00:01]} O-O {[%emt 0:01:32]} 12. Nd4 {[%emt 0:01:10]} a6 {[%emt 0:00:32]} 13. Bb3 {[%emt 0:02:13]} b5 {[%emt 0:01:17]} 14. Rac1 {[%emt 0:00:29]} Qa7 {[%emt 0:01:12]} 15. Qf2 {[%emt 0:01:21]} Bb7 {[%emt 0:01:50]} 16. Bc2 {[%emt 0:00:52]} Ne5 {[%emt 0:01:32]} 17. Kh1 {[%emt 0:02:20]} Rac8 {[%emt 0:01:03]} 18. Qg3 {[%emt 0:01:17]} d6 {[%emt 0:00:12]} 19. Bb3 {[%emt 0:01:37]} Rfe8 {[%emt 0:03:47]} 20. Qf4 {[%emt 0:01:46]} Ba8 {[%emt 0:00:52]} 21. a4 {[%emt 0:00:14]} b4 {[%emt 0:00:10]} 22. Nce2 {[%emt 0:00:06]} Qb7 {[%emt 0:00:53]} 23. Ng3 {[%emt 0:00:23]} Qe7 {[%emt 0:00:16]} 24. Nf3 {[%emt 0:00:36]} Ng6 {[%emt 0:00:11]} 25. Qg4 {[%emt 0:00:08]} Bxe3 {[%emt 0:00:05]} 26. Rxc8 {[%emt 0:00:03]} Rxc8 {[%emt 0:00:03]} 27. Nh5 {[%emt 0:00:09]} a5 {[%emt 0:00:19]} 28. Re1 {[%emt 0:00:06]} Ba7 {[%emt 0:00:05]} 29. e5 {[%emt 0:00:04]} Bxf3 {[%emt 0:00:05]} 30. Qxf3 {[%emt 0:00:02]} dxe5 {[%emt 0:00:04]} 31. Qg4 {[%emt 0:00:03]} Qc5 {[%emt 0:00:10]} 32. Rf1 {[%emt 0:00:07]} Qd4 {[%emt 0:00:04]} 33. Qg3 {[%emt 0:00:11]} e4 {[%emt 0:00:06]} 34. Qg4 {[%emt 0:00:02]} e3 {[%emt 0:00:03]} 35. Qe2 {[%emt 0:00:08]} Qd2 {[%emt 0:00:06]} 36. Bd1 {[%emt 0:00:07]} Qxe2 {[%emt 0:00:02]} 37. Bxe2 {[%emt 0:00:00]} Rc2 {[%emt 0:00:08]} 38. Ng3 {[%emt 0:00:04]} e5 {[%emt 0:00:06]} 39. Rd1 {[%emt 0:00:05]} h6 {[%emt 0:00:02]} 40. Rd8+ {[%emt 0:00:03]} Kh7 {[%emt 0:00:01]} 41. Rd7 {[%emt 0:00:02]} Bd4 {[%emt 0:00:05]} 42. Rxf7 {[%emt 0:00:03]} Rc1+ {[%emt 0:00:02]} 43. Bf1 {[%emt 0:00:10]} Nf4 {[%emt 0:00:04]} 44. Kg1 {[%emt 0:00:08]} e2+ {[%emt 0:00:05]} 45. Kh1 {[%emt 0:00:01]} 0-1

[Event "European Online Club-ch-A 2021"]
[Site "Online"]
[Date "2021.03.27"]
[Round "9.5"]
[White "Zavgorodniy, Sergiy"]
[Black "Hera, Imre Jr."]
[Result "1/2-1/2"]
[WhiteElo "2418"]
[BlackElo "2610"]
[Annotator "ChessBase"]
[PlyCount "156"]
[EventDate "2021.03.27"]
[EventType "team-tourn"]
[EventCountry "NET"]
[SourceTitle "playchess.com"]
[Source "ChessBase"]
[SourceQuality "1"]
[TimeControl "900+5"]

1. e4 {[%emt 0:00:00]} c5 {[%emt 0:00:03]} 2. Nf3 {[%emt 0:00:03]} e6 {[%emt 0:00:02]} 3. b3 {[%emt 0:00:06]} b6 {[%emt 0:00:03]} 4. Bb2 {[%emt 0:00:16]} Bb7 {[%emt 0:00:03]} 5. d3 {[%emt 0:00:02]} Nf6 {[%emt 0:00:06]} 6. Nbd2 {[%emt 0:00:03]} d6 {[%emt 0:00:41]} 7. g3 {[%emt 0:00:13]} Be7 {[%emt 0:00:03]} 8. Bg2 {[%emt 0:00:02]} O-O {[%emt 0:00:02]} 9. O-O {[%emt 0:00:02]} Nc6 {[%emt 0:00:05]} 10. Re1 {[%emt 0:00:04]} Qc7 {[%emt 0:00:05]} 11. e5 {[%emt 0:00:42]} dxe5 {[%emt 0:00:06]} 12. Nxe5 {[%emt 0:00:03]} Nd4 {[%emt 0:01:06]} 13. Bxb7 {[%emt 0:03:49]} Qxb7 {[%emt 0:00:04]} 14. Ndf3 {[%emt 0:00:03]} Nxf3+ {[%emt 0:02:03]} 15. Qxf3 {[%emt 0:00:38]} Qxf3 {[%emt 0:00:03]} 16. Nxf3 {[%emt 0:00:02]} Nd5 {[%emt 0:00:01]} 17. a3 {[%emt 0:00:16]} Rac8 {[%emt 0:00:07]} 18. c4 {[%emt 0:00:17]} Bf6 {[%emt 0:00:40]} 19. Bxf6 {[%emt 0:00:13]} Nxf6 {[%emt 0:00:03]} 20. d4 {[%emt 0:00:05]} Rfd8 {[%emt 0:00:02]} 21. Rad1 {[%emt 0:00:28]} Kf8 {[%emt 0:00:10]} 22. dxc5 {[%emt 0:01:29]} Rxd1 {[%emt 0:00:24]} 23. Rxd1 {[%emt 0:00:06]} Rxc5 {[%emt 0:00:04]} 24. Rd8+ {[%emt 0:00:34]} Ke7 {[%emt 0:00:17]} 25. Ra8 {[%emt 0:00:02]} a5 {[%emt 0:00:17]} 26. Ra7+ {[%emt 0:00:43]} Ke8 {[%emt 0:00:27]} 27. Nd4 {[%emt 0:02:12]} Ne4 {[%emt 0:02:07]} 28. Ra6 {[%emt 0:01:02]} Nd2 {[%emt 0:02:24]} 29. f4 {[%emt 0:01:14]} e5 {[%emt 0:02:53]} 30. fxe5 {[%emt 0:00:07]} Rxe5 {[%emt 0:00:03]} 31. Rxb6 {[%emt 0:00:09]} a4 {[%emt 0:00:02]} 32. Rb8+ {[%emt 0:00:21]} Kd7 {[%emt 0:00:02]} 33. Rb7+ {[%emt 0:00:13]} Kc8 {[%emt 0:00:47]} 34. Rxf7 {[%emt 0:00:05]} axb3 {[%emt 0:00:15]} 35. Nxb3 {[%emt 0:00:03]} Nxb3 {[%emt 0:00:02]} 36. Rxg7 {[%emt 0:00:01]} h6 {[%emt 0:00:09]} 37. Kg2 {[%emt 0:00:17]} Nd2 {[%emt 0:00:05]} 38. Rg6 {[%emt 0:00:20]} h5 {[%emt 0:00:54]} 39. g4 {[%emt 0:00:24]} hxg4 {[%emt 0:00:30]} 40. Rxg4 {[%emt 0:00:06]} Re2+ {[%emt 0:00:01]} 41. Kg3 {[%emt 0:00:19]} Nf1+ {[%emt 0:00:19]} 42. Kf4 {[%emt 0:00:06]} Rxh2 {[%emt 0:00:07]} 43. Rg7 {[%emt 0:00:08]} Rc2 {[%emt 0:00:03]} 44. Ke4 {[%emt 0:00:06]} Rxc4+ {[%emt 0:00:03]} 45. Kd3 {[%emt 0:00:02]} Ra4 {[%emt 0:00:05]} 46. Ke2 {[%emt 0:00:06]} Nh2 {[%emt 0:00:02]} 47. Kf2 {[%emt 0:00:13]} Ng4+ {[%emt 0:00:05]} 48. Ke2 {[%emt 0:00:02]} Ne5 {[%emt 0:00:03]} 49. Kd2 {[%emt 0:00:04]} Rxa3 {[%emt 0:00:07]} 50. Kc2 {[%emt 0:00:03]} Nd7 {[%emt 0:00:06]} 51. Kb2 {[%emt 0:00:02]} Rh3 {[%emt 0:00:02]} 52. Kc2 {[%emt 0:00:02]} Kc7 {[%emt 0:00:02]} 53. Rg6 {[%emt 0:00:06]} Ne5 {[%emt 0:00:02]} 54. Re6 {[%emt 0:00:03]} Nc6 {[%emt 0:00:02]} 55. Rg6 {[%emt 0:00:03]} Kb6 {[%emt 0:00:02]} 56. Rg8 {[%emt 0:00:07]} Kc5 {[%emt 0:00:03]} 57. Rc8 {[%emt 0:00:04]} Kd5 {[%emt 0:00:02]} 58. Kd2 {[%emt 0:00:03]} Ne5 {[%emt 0:00:04]} 59. Rd8+ {[%emt 0:00:05]} Ke4 {[%emt 0:00:01]} 60. Re8 {[%emt 0:00:01]} Rd3+ {[%emt 0:00:10]} 61. Kc2 {[%emt 0:00:02]} Rd5 {[%emt 0:00:07]} 62. Kc3 {[%emt 0:00:03]} Rc5+ {[%emt 0:00:07]} 63. Kb4 {[%emt 0:00:06]} Rc7 {[%emt 0:00:07]} 64. Kb5 {[%emt 0:00:12]} Kd5 {[%emt 0:00:08]} 65. Kb4 {[%emt 0:00:05]} Nc6+ {[%emt 0:00:06]} 66. Kb3 {[%emt 0:00:06]} Nd4+ {[%emt 0:00:02]} 67. Kb4 {[%emt 0:00:21]} Rc4+ {[%emt 0:00:09]} 68. Ka3 {[%emt 0:00:11]} Rc3+ {[%emt 0:00:25]} 69. Kb2 {[%emt 0:00:09]} Rb3+ {[%emt 0:00:04]} 70. Ka2 {[%emt 0:00:04]} Kc4 {[%emt 0:00:06]} 71. Rc8+ {[%emt 0:00:08]} Kd3 {[%emt 0:00:04]} 72. Rd8 {[%emt 0:00:03]} Rb6 {[%emt 0:00:18]} 73. Ka3 {[%emt 0:00:18]} Kc3 {[%emt 0:00:10]} 74. Rc8+ {[%emt 0:00:04]} Nc6 {[%emt 0:00:02]} 75. Ka4 {[%emt 0:00:10]} Kc4 {[%emt 0:00:09]} 76. Ka3 {[%emt 0:00:02]} Kc3 {[%emt 0:00:07]} 77. Ka4 {[%emt 0:00:03]} Kc4 {[%emt 0:00:05]} 78. Ka3 {[%emt 0:00:01]} Kc3 {[%emt 0:00:09]} 1/2-1/2

[Event "European Online Club-ch-A 2021"]
[Site "Online"]
[Date "2021.03.27"]
[Round "9.6"]
[White "Nemeth, Miklos"]
[Black "Grinev, Valeriy"]
[Result "0-1"]
[WhiteElo "2488"]
[BlackElo "2441"]
[Annotator "ChessBase"]
[PlyCount "128"]
[EventDate "2021.03.27"]
[EventType "team-tourn"]
[EventCountry "NET"]
[SourceTitle "playchess.com"]
[Source "ChessBase"]
[SourceQuality "1"]
[TimeControl "900+5"]

1. e4 {[%emt 0:00:00]} c5 {[%emt 0:00:03]} 2. Nf3 {[%emt 0:00:03]} e6 {[%emt 0:00:02]} 3. d4 {[%emt 0:00:02]} cxd4 {[%emt 0:00:01]} 4. Nxd4 {[%emt 0:00:02]} a6 {[%emt 0:00:01]} 5. Bd3 {[%emt 0:00:03]} Bc5 {[%emt 0:00:03]} 6. Nb3 {[%emt 0:00:01]} Be7 {[%emt 0:00:01]} 7. c4 {[%emt 0:00:03]} d6 {[%emt 0:00:03]} 8. Nc3 {[%emt 0:00:02]} Nf6 {[%emt 0:00:03]} 9. Be3 {[%emt 0:00:04]} b6 {[%emt 0:00:10]} 10. O-O {[%emt 0:00:02]} Bb7 {[%emt 0:00:02]} 11. a4 {[%emt 0:00:11]} Nc6 {[%emt 0:00:07]} 12. f4 {[%emt 0:00:25]} O-O {[%emt 0:00:10]} 13. Qe2 {[%emt 0:00:39]} Rc8 {[%emt 0:00:41]} 14. Rac1 {[%emt 0:01:40]} Nd7 {[%emt 0:00:31]} 15. Bb1 {[%emt 0:00:30]} Nc5 {[%emt 0:00:36]} 16. Nxc5 {[%emt 0:00:17]} bxc5 {[%emt 0:00:03]} 17. Qh5 {[%emt 0:02:40]} Bf6 {[%emt 0:01:49]} 18. e5 {[%emt 0:00:56]} g6 {[%emt 0:00:03]} 19. Qh3 {[%emt 0:00:04]} dxe5 {[%emt 0:00:06]} 20. Bxc5 {[%emt 0:00:34]} Be7 {[%emt 0:04:53]} 21. Be3 {[%emt 0:01:19]} f5 {[%emt 0:00:17]} 22. Rfd1 {[%emt 0:00:50]} Qa5 {[%emt 0:00:53]} 23. Rd7 {[%emt 0:00:23]} exf4 {[%emt 0:00:51]} 24. Bxf4 {[%emt 0:00:13]} Qb6+ {[%emt 0:01:46]} 25. Kh1 {[%emt 0:00:46]} Rfd8 {[%emt 0:00:29]} 26. c5 {[%emt 0:00:59]} Qxb2 {[%emt 0:00:13]} 27. Ba2 {[%emt 0:00:07]} Rxd7 {[%emt 0:01:09]} 28. Bxe6+ {[%emt 0:00:06]} Kh8 {[%emt 0:00:01]} 29. Bxd7 {[%emt 0:00:09]} Rd8 {[%emt 0:00:02]} 30. Rb1 {[%emt 0:00:57]} Qf2 {[%emt 0:00:33]} 31. Be3 {[%emt 0:00:59]} Qc2 {[%emt 0:00:03]} 32. Rxb7 {[%emt 0:00:05]} Qxc3 {[%emt 0:00:10]} 33. Bg1 {[%emt 0:00:16]} Qc1 {[%emt 0:01:10]} 34. Qe3 {[%emt 0:01:24]} Qxe3 {[%emt 0:00:08]} 35. Bxe3 {[%emt 0:00:02]} Nb8 {[%emt 0:00:17]} 36. c6 {[%emt 0:00:19]} Nxc6 {[%emt 0:00:02]} 37. g3 {[%emt 0:00:07]} Ne5 {[%emt 0:00:02]} 38. Bd4 {[%emt 0:00:25]} Bf6 {[%emt 0:00:02]} 39. Bxe5 {[%emt 0:00:13]} Bxe5 {[%emt 0:00:02]} 40. Kg2 {[%emt 0:00:07]} a5 {[%emt 0:00:15]} 41. Kf3 {[%emt 0:00:02]} h5 {[%emt 0:00:07]} 42. h3 {[%emt 0:00:06]} Kg8 {[%emt 0:00:05]} 43. Be6+ {[%emt 0:00:04]} Kh8 {[%emt 0:00:08]} 44. Bd7 {[%emt 0:00:04]} Rf8 {[%emt 0:00:03]} 45. Rb5 {[%emt 0:00:09]} Bc3 {[%emt 0:00:02]} 46. Rb7 {[%emt 0:00:04]} Kg7 {[%emt 0:00:03]} 47. Bb5+ {[%emt 0:00:09]} Kh6 {[%emt 0:00:02]} 48. Rb6 {[%emt 0:00:03]} Be5 {[%emt 0:00:02]} 49. Re6 {[%emt 0:00:04]} Bb8 {[%emt 0:00:01]} 50. Re8 {[%emt 0:00:10]} Rxe8 {[%emt 0:00:04]} 51. Bxe8 {[%emt 0:00:04]} Kg5 {[%emt 0:00:01]} 52. h4+ {[%emt 0:00:06]} Kf6 {[%emt 0:00:02]} 53. Bb5 {[%emt 0:00:03]} Be5 {[%emt 0:00:02]} 54. Be8 {[%emt 0:00:02]} Bc3 {[%emt 0:00:03]} 55. Kf2 {[%emt 0:00:04]} f4 {[%emt 0:00:08]} 56. gxf4 {[%emt 0:00:02]} Kf5 {[%emt 0:00:01]} 57. Kf3 {[%emt 0:00:02]} Be1 {[%emt 0:00:02]} 58. Bd7+ {[%emt 0:00:09]} Kf6 {[%emt 0:00:03]} 59. Bh3 {[%emt 0:00:05]} Bxh4 {[%emt 0:00:01]} 60. Bc8 {[%emt 0:00:02]} Be1 {[%emt 0:00:02]} 61. Bh3 {[%emt 0:00:03]} Bd2 {[%emt 0:00:01]} 62. Bc8 {[%emt 0:00:02]} Kg7 {[%emt 0:00:07]} 63. Bh3 {[%emt 0:00:03]} Kh6 {[%emt 0:00:01]} 64. Be6 {[%emt 0:00:02]} h4 {[%emt 0:00:01]} 0-1

[Event "European Online Club-ch-A 2021"]
[Site "Online"]
[Date "2021.03.27"]
[Round "9.7"]
[White "Babiy, Igor"]
[Black "Kovacs, Gabor"]
[Result "1-0"]
[WhiteElo "2241"]
[BlackElo "2455"]
[Annotator "ChessBase"]
[PlyCount "89"]
[EventDate "2021.03.27"]
[EventType "team-tourn"]
[EventCountry "NET"]
[SourceTitle "playchess.com"]
[Source "ChessBase"]
[SourceQuality "1"]
[TimeControl "900+5"]

1. Nf3 {[%emt 0:00:00]} d5 {[%emt 0:00:04]} 2. c4 {[%emt 0:00:02]} e6 {[%emt 0:00:02]} 3. g3 {[%emt 0:00:02]} Nf6 {[%emt 0:00:02]} 4. Bg2 {[%emt 0:00:02]} Be7 {[%emt 0:00:02]} 5. O-O {[%emt 0:00:01]} O-O {[%emt 0:00:01]} 6. d4 {[%emt 0:00:01]} dxc4 {[%emt 0:00:11]} 7. Qc2 {[%emt 0:00:02]} a6 {[%emt 0:00:02]} 8. a4 {[%emt 0:00:02]} Bd7 {[%emt 0:00:04]} 9. Rd1 {[%emt 0:00:03]} Bc6 {[%emt 0:00:05]} 10. Nc3 {[%emt 0:00:02]} Bxf3 {[%emt 0:00:07]} 11. Bxf3 {[%emt 0:00:00]} Nc6 {[%emt 0:00:02]} 12. Bxc6 {[%emt 0:00:02]} bxc6 {[%emt 0:00:00]} 13. a5 {[%emt 0:00:01]} Rb8 {[%emt 0:00:23]} 14. Ra4 {[%emt 0:00:16]} Rb4 {[%emt 0:00:18]} 15. Na2 {[%emt 0:00:02]} Rb5 {[%emt 0:01:01]} 16. Qxc4 {[%emt 0:00:39]} Qd5 {[%emt 0:00:24]} 17. Nc3 {[%emt 0:00:34]} Qxc4 {[%emt 0:00:09]} 18. Rxc4 {[%emt 0:00:00]} Rxa5 {[%emt 0:00:36]} 19. Rxc6 {[%emt 0:00:06]} Rc8 {[%emt 0:04:14]} 20. Bf4 {[%emt 0:00:17]} Ne8 {[%emt 0:00:08]} 21. d5 {[%emt 0:01:29]} exd5 {[%emt 0:00:30]} 22. Nxd5 {[%emt 0:00:03]} Kf8 {[%emt 0:00:27]} 23. b4 {[%emt 0:02:58]} Ra2 {[%emt 0:00:43]} 24. Kf1 {[%emt 0:00:05]} Rd8 {[%emt 0:01:35]} 25. Rd3 {[%emt 0:02:31]} Bd6 {[%emt 0:01:48]} 26. Nxc7 {[%emt 0:02:40]} Bxc7 {[%emt 0:00:04]} 27. Bxc7 {[%emt 0:00:04]} Rxd3 {[%emt 0:01:41]} 28. exd3 {[%emt 0:00:00]} Nxc7 {[%emt 0:00:02]} 29. Rxc7 {[%emt 0:00:02]} a5 {[%emt 0:00:09]} 30. bxa5 {[%emt 0:01:01]} Rxa5 {[%emt 0:00:02]} 31. Ke2 {[%emt 0:00:01]} h5 {[%emt 0:00:07]} 32. h4 {[%emt 0:00:09]} g6 {[%emt 0:00:37]} 33. Ke3 {[%emt 0:00:37]} Ke8 {[%emt 0:01:00]} 34. d4 {[%emt 0:00:20]} Ra1 {[%emt 0:00:18]} 35. Ke4 {[%emt 0:00:39]} Rf1 {[%emt 0:00:12]} 36. Rc2 {[%emt 0:00:08]} Ke7 {[%emt 0:00:13]} 37. Ra2 {[%emt 0:00:04]} Kd6 {[%emt 0:00:16]} 38. Ra6+ {[%emt 0:00:03]} Ke7 {[%emt 0:00:03]} 39. Ra7+ {[%emt 0:00:04]} Kf6 {[%emt 0:00:07]} 40. Ra6+ {[%emt 0:00:19]} Ke7 {[%emt 0:00:02]} 41. Ke3 {[%emt 0:00:02]} Re1+ {[%emt 0:00:07]} 42. Kd2 {[%emt 0:00:02]} Rf1 {[%emt 0:00:03]} 43. Ke2 {[%emt 0:00:02]} Rb1 {[%emt 0:00:02]} 44. Ke3 {[%emt 0:00:20]} Rf1 {[%emt 0:00:06]} 45. d5 {[%emt 0:00:15]} 1-0

[Event "European Online Club-ch-A 2021"]
[Site "Online"]
[Date "2021.03.27"]
[Round "9.8"]
[White "Csonka, Attila Istvan"]
[Black "Hulka, Valentyn"]
[Result "1-0"]
[WhiteElo "2362"]
[BlackElo "2089"]
[Annotator "NA"]
[PlyCount "100"]
[EventDate "2021.03.27"]
[EventType "team-tourn"]
[EventCountry "NET"]
[SourceTitle "playchess.com"]
[Source "ChessBase"]
[SourceQuality "1"]
[TimeControl "900+5"]

1. e4 {[%emt 0:00:00]} c5 {[%emt 0:00:02]} 2. Nf3 {[%emt 0:00:03]} d6 {[%emt 0:00:01]} 3. d4 {[%emt 0:00:02]} cxd4 {[%emt 0:00:01]} 4. Qxd4 {[%emt 0:00:01]} Nc6 {[%emt 0:00:02]} 5. Bb5 {[%emt 0:00:03]} Bd7 {[%emt 0:00:01]} 6. Qd3 {[%emt 0:00:03]} Nf6 {[%emt 0:00:56]} 7. Nc3 {[%emt 0:00:03]} e6 {[%emt 0:00:18]} 8. Bf4 {[%emt 0:00:25]} a6 {[%emt 0:03:16]} 9. Bxc6 {[%emt 0:00:22]} Bxc6 {[%emt 0:00:03]} 10. O-O {[%emt 0:00:18]} d5 {[%emt 0:00:50]} 11. e5 {[%emt 0:00:05]} Ne4 {[%emt 0:00:07]} 12. Nd4 {[%emt 0:00:05]} Nxc3 {[%emt 0:00:50]} 13. Qxc3 {[%emt 0:00:05]} Qb6 {[%emt 0:00:04]} 14. Rad1 {[%emt 0:00:59]} Rc8 {[%emt 0:02:47]} 15. Rfe1 {[%emt 0:01:09]} Bb4 {[%emt 0:01:18]} 16. Qb3 {[%emt 0:00:12]} Ba5 {[%emt 0:00:02]} 17. c3 {[%emt 0:00:47]} Qxb3 {[%emt 0:00:05]} 18. axb3 {[%emt 0:00:02]} Bb6 {[%emt 0:00:11]} 19. Nf3 {[%emt 0:00:03]} Bd7 {[%emt 0:00:07]} 20. Be3 {[%emt 0:00:03]} Bd8 {[%emt 0:00:23]} 21. Ra1 {[%emt 0:00:27]} f6 {[%emt 0:00:17]} 22. b4 {[%emt 0:00:26]} Kf7 {[%emt 0:00:13]} 23. Bc5 {[%emt 0:00:05]} Bc7 {[%emt 0:00:44]} 24. Re3 {[%emt 0:00:45]} Ra8 {[%emt 0:00:41]} 25. Bd4 {[%emt 0:00:21]} a5 {[%emt 0:00:18]} 26. bxa5 {[%emt 0:00:02]} Bxa5 {[%emt 0:00:03]} 27. g3 {[%emt 0:00:25]} Bc7 {[%emt 0:00:07]} 28. Ree1 {[%emt 0:00:18]} Bb5 {[%emt 0:00:06]} 29. Rad1 {[%emt 0:01:23]} Ra2 {[%emt 0:00:18]} 30. exf6 {[%emt 0:00:05]} gxf6 {[%emt 0:00:59]} 31. Ng5+ {[%emt 0:00:06]} fxg5 {[%emt 0:00:01]} 32. Bxh8 {[%emt 0:00:03]} Bb6 {[%emt 0:00:22]} 33. Rd2 {[%emt 0:00:36]} g4 {[%emt 0:00:14]} 34. h3 {[%emt 0:00:11]} h5 {[%emt 0:00:30]} 35. Bd4 {[%emt 0:00:10]} Bc7 {[%emt 0:00:02]} 36. Kg2 {[%emt 0:00:28]} Bd7 {[%emt 0:00:05]} 37. hxg4 {[%emt 0:00:03]} hxg4 {[%emt 0:00:01]} 38. f3 {[%emt 0:00:02]} Bc6 {[%emt 0:00:12]} 39. fxg4 {[%emt 0:00:04]} e5 {[%emt 0:00:03]} 40. Bxe5 {[%emt 0:01:13]} Bxe5 {[%emt 0:00:15]} 41. Rxe5 {[%emt 0:00:03]} d4+ {[%emt 0:00:01]} 42. Kg1 {[%emt 0:00:02]} dxc3 {[%emt 0:00:19]} 43. Rf2+ {[%emt 0:00:03]} Kg8 {[%emt 0:00:05]} 44. bxc3 {[%emt 0:00:03]} Ra1+ {[%emt 0:00:01]} 45. Rf1 {[%emt 0:00:03]} Ra2 {[%emt 0:00:01]} 46. Rg5+ {[%emt 0:00:38]} Kh7 {[%emt 0:00:07]} 47. Rf6 {[%emt 0:00:03]} Rg2+ {[%emt 0:00:29]} 48. Kf1 {[%emt 0:00:02]} Rxg3 {[%emt 0:00:01]} 49. c4 {[%emt 0:00:14]} Bf3 {[%emt 0:00:36]} 50. Kf2 {[%emt 0:00:37]} Rh3 {[%emt 0:00:07]} 1-0

[Event "European Online Club-ch-A 2021"]
[Site "Online"]
[Date "2021.03.27"]
[Round "9.9"]
[White "Valdes Escobar, Alvaro"]
[Black "Deac, Bogdan-Daniel"]
[Result "0-1"]
[WhiteElo "2355"]
[BlackElo "2625"]
[Annotator "ChessBase"]
[PlyCount "50"]
[EventDate "2021.03.27"]
[EventType "team-tourn"]
[EventCountry "NET"]
[SourceTitle "playchess.com"]
[Source "ChessBase"]
[SourceQuality "1"]
[TimeControl "900+5"]

1. c4 {[%emt 0:00:00]} c5 {[%emt 0:00:12]} 2. Nf3 {[%emt 0:00:06]} Nc6 {[%emt 0:00:01]} 3. d4 {[%emt 0:00:06]} cxd4 {[%emt 0:00:02]} 4. Nxd4 {[%emt 0:00:02]} Nf6 {[%emt 0:00:01]} 5. Nc3 {[%emt 0:00:04]} e6 {[%emt 0:00:01]} 6. a3 {[%emt 0:00:12]} Bc5 {[%emt 0:00:03]} 7. e3 {[%emt 0:00:25]} O-O {[%emt 0:01:23]} 8. Be2 {[%emt 0:00:31]} d5 {[%emt 0:00:03]} 9. Nf3 {[%emt 0:02:11]} Bd6 {[%emt 0:03:39]} 10. O-O {[%emt 0:01:06]} a6 {[%emt 0:01:44]} 11. Bd2 {[%emt 0:04:29]} dxc4 {[%emt 0:00:38]} 12. Bxc4 {[%emt 0:00:06]} b5 {[%emt 0:00:02]} 13. Be2 {[%emt 0:00:02]} Bb7 {[%emt 0:00:02]} 14. Rc1 {[%emt 0:00:03]} Ne5 {[%emt 0:02:06]} 15. Nxe5 {[%emt 0:01:16]} Bxe5 {[%emt 0:00:03]} 16. h3 {[%emt 0:00:57]} Qd7 {[%emt 0:01:08]} 17. Be1 {[%emt 0:01:34]} Qe7 {[%emt 0:00:23]} 18. Qc2 {[%emt 0:01:19]} Rac8 {[%emt 0:00:35]} 19. Qb1 {[%emt 0:00:02]} Nd7 {[%emt 0:00:55]} 20. f4 {[%emt 0:01:03]} Bf6 {[%emt 0:00:40]} 21. Bf2 {[%emt 0:00:53]} Bxc3 {[%emt 0:01:18]} 22. bxc3 {[%emt 0:00:03]} Qxa3 {[%emt 0:00:02]} 23. c4 {[%emt 0:00:02]} b4 {[%emt 0:00:01]} 24. Qc2 {[%emt 0:00:21]} Nc5 {[%emt 0:00:55]} 25. Ra1 {[%emt 0:00:02]} Be4 {[%emt 0:00:03]} 0-1

[Event "European Online Club-ch-A 2021"]
[Site "Online"]
[Date "2021.03.27"]
[Round "9.10"]
[White "Istratescu, Andrei"]
[Black "Pein, Malcolm"]
[Result "1-0"]
[WhiteElo "2553"]
[BlackElo "2309"]
[Annotator "ChessBase"]
[PlyCount "81"]
[EventDate "2021.03.27"]
[EventType "team-tourn"]
[EventCountry "NET"]
[SourceTitle "playchess.com"]
[Source "ChessBase"]
[SourceQuality "1"]
[TimeControl "900+5"]

1. e4 {[%emt 0:00:00]} d6 {[%emt 0:00:08]} 2. d4 {[%emt 0:00:03]} Nf6 {[%emt 0:00:04]} 3. f3 {[%emt 0:00:02]} d5 {[%emt 0:00:08]} 4. e5 {[%emt 0:00:03]} Nfd7 {[%emt 0:00:02]} 5. f4 {[%emt 0:00:07]} c5 {[%emt 0:00:02]} 6. c3 {[%emt 0:00:09]} Nc6 {[%emt 0:00:06]} 7. Be3 {[%emt 0:00:08]} cxd4 {[%emt 0:00:12]} 8. cxd4 {[%emt 0:00:02]} Nb6 {[%emt 0:00:01]} 9. Nc3 {[%emt 0:00:04]} Bf5 {[%emt 0:00:05]} 10. Nge2 {[%emt 0:00:52]} Nc4 {[%emt 0:01:33]} 11. Bc1 {[%emt 0:00:03]} Nb4 {[%emt 0:00:16]} 12. Qa4+ {[%emt 0:00:03]} Nc6 {[%emt 0:00:14]} 13. Ng3 {[%emt 0:00:04]} Nb6 {[%emt 0:00:30]} 14. Qd1 {[%emt 0:00:06]} Bd7 {[%emt 0:00:29]} 15. b3 {[%emt 0:01:23]} Rc8 {[%emt 0:01:10]} 16. Bb2 {[%emt 0:00:11]} e6 {[%emt 0:00:29]} 17. Rc1 {[%emt 0:00:09]} h5 {[%emt 0:00:20]} 18. Nge2 {[%emt 0:00:08]} h4 {[%emt 0:00:22]} 19. Ng1 {[%emt 0:00:05]} Be7 {[%emt 0:01:35]} 20. Nf3 {[%emt 0:00:04]} a6 {[%emt 0:00:02]} 21. Bd3 {[%emt 0:00:21]} Na7 {[%emt 0:00:42]} 22. O-O {[%emt 0:00:08]} g6 {[%emt 0:00:19]} 23. Qe2 {[%emt 0:00:21]} Kf8 {[%emt 0:00:17]} 24. g4 {[%emt 0:00:04]} hxg3 {[%emt 0:00:06]} 25. hxg3 {[%emt 0:00:02]} Qe8 {[%emt 0:01:58]} 26. Kg2 {[%emt 0:00:14]} Kg7 {[%emt 0:00:38]} 27. Rh1 {[%emt 0:00:08]} Rxh1 {[%emt 0:00:30]} 28. Rxh1 {[%emt 0:00:03]} Bb4 {[%emt 0:00:02]} 29. Nd1 {[%emt 0:00:05]} Bb5 {[%emt 0:00:12]} 30. Ng5 {[%emt 0:00:03]} Bxd3 {[%emt 0:00:27]} 31. Qxd3 {[%emt 0:00:02]} Qb5 {[%emt 0:00:08]} 32. Qxb5 {[%emt 0:00:03]} Rc2+ {[%emt 0:00:07]} 33. Kf3 {[%emt 0:00:03]} Nxb5 {[%emt 0:00:04]} 34. Rh7+ {[%emt 0:00:09]} Kg8 {[%emt 0:00:03]} 35. Rxf7 {[%emt 0:00:02]} Rd2 {[%emt 0:00:36]} 36. Rxb7 {[%emt 0:00:22]} Rxd1 {[%emt 0:00:16]} 37. Rxb6 {[%emt 0:00:07]} Rd3+ {[%emt 0:00:14]} 38. Kg4 {[%emt 0:00:08]} Be1 {[%emt 0:00:02]} 39. Nf3 {[%emt 0:00:03]} Bc3 {[%emt 0:00:23]} 40. Bxc3 {[%emt 0:00:04]} Rxc3 {[%emt 0:00:01]} 41. Rxa6 {[%emt 0:00:14]} 1-0